Моделирование пластинчатого теплообменного аппарата; Высокие технологии в современной науке и технике (ВТСНТ-2016)

Detaylı Bibliyografya
Parent link:Высокие технологии в современной науке и технике (ВТСНТ-2016).— 2016.— [С. 484-485]
Yazar: Бычкова А. А.
Kurumsal yazarlar: Национальный исследовательский Томский политехнический университет (ТПУ) Энергетический институт (ЭНИН) Лаборатория моделирования процессов тепломассопереноса (ЛМПТ), Национальный исследовательский Томский политехнический университет (ТПУ) Энергетический институт (ЭНИН) Кафедра автоматизации теплоэнергетических процессов (АТП)
Diğer Yazarlar: Дмитриенко М. А. Маргарита Александровна (научный руководитель), Няшина Г. С. Галина Сергеевна, Морозов М. Н. Максим Николаевич
Özet:Заглавие с титульного экрана
Dil:Rusça
Baskı/Yayın Bilgisi: 2016
Seri Bilgileri:Моделирование физико-химических процессов в современных технологиях
Konular:
Online Erişim:http://earchive.tpu.ru/handle/11683/36432
Materyal Türü: Elektronik Kitap Bölümü
KOHA link:https://koha.lib.tpu.ru/cgi-bin/koha/opac-detail.pl?biblionumber=621881

MARC

LEADER 00000naa2a2200000 4500
001 621881
005 20240209163606.0
035 |a (RuTPU)RU\TPU\conf\20502 
035 |a RU\TPU\conf\20501 
090 |a 621881 
100 |a 20170124d2016 k y0rusy50 ca 
101 0 |a rus 
102 |a RU 
105 |a y z 101zy 
135 |a drcn ---uucaa 
181 0 |a i  
182 0 |a b 
200 1 |a Моделирование пластинчатого теплообменного аппарата  |f А. А. Бычкова, М. А. Дмитриенко, Г. С. Няшина  |g науч. рук. М. Н. Морозов 
203 |a Текст  |c электронный 
225 1 |a Моделирование физико-химических процессов в современных технологиях 
300 |a Заглавие с титульного экрана 
320 |a [Библиогр.: с. 485 (4 назв.)] 
463 1 |0 (RuTPU)RU\TPU\conf\20333  |t Высокие технологии в современной науке и технике (ВТСНТ-2016)  |o сборник научных трудов V Международной научно-технической конференции молодых ученых, аспирантов и студентов, г. Томск, 5–7 декабря 2016 г.  |f Национальный исследовательский Томский политехнический университет (ТПУ) ; под ред. А. Н. Яковлева  |v [С. 484-485]  |d 2016 
610 1 |a труды учёных ТПУ 
610 1 |a электронные ресурсы 
610 1 |a теплообменное оборудование 
610 1 |a кожухотрубчатые теплообменники 
610 1 |a моделирование 
610 1 |a тепловые расчеты 
610 1 |a теплопередающие поверхности 
700 1 |a Бычкова  |b А. А. 
701 1 |a Дмитриенко  |b М. А.  |c специалист в области теплоэнергетики  |c лаборант Томского политехнического университета  |f 1992-  |g Маргарита Александровна  |3 (RuTPU)RU\TPU\pers\35545  |9 18727 
701 1 |a Няшина  |b Г. С.  |c специалист в области теплоэнергетики  |c ассистент Томского политехнического университета, кандидат технических наук  |f 1992-  |g Галина Сергеевна  |3 (RuTPU)RU\TPU\pers\35548  |9 18729 
702 1 |a Морозов  |b М. Н.  |c специалист в области теплоэнергетики  |c инженер Томского политехнического университета  |f 1991-  |g Максим Николаевич  |4 727 
712 0 2 |a Национальный исследовательский Томский политехнический университет (ТПУ)  |b Энергетический институт (ЭНИН)  |b Лаборатория моделирования процессов тепломассопереноса (ЛМПТ)  |3 (RuTPU)RU\TPU\col\19906 
712 0 2 |a Национальный исследовательский Томский политехнический университет (ТПУ)  |b Энергетический институт (ЭНИН)  |b Кафедра автоматизации теплоэнергетических процессов (АТП)  |3 (RuTPU)RU\TPU\col\18678 
801 2 |a RU  |b 63413507  |c 20170207  |g RCR 
856 4 |u http://earchive.tpu.ru/handle/11683/36432 
942 |c BK